|
|
|
|
| LEADER |
00000cam a2200000 a 4500 |
| 001 |
vtls001208280 |
| 003 |
SK-MaSNL |
| 005 |
20260302053619.0 |
| 008 |
240226s1996 xo a br 000 j slo |
| 015 |
|
|
|a SNBA1996/0701794
|
| 020 |
|
|
|a 8088719453
|q (viazané)
|
| 035 |
|
|
|a SNK000151350
|
| 040 |
|
|
|a SNK
|b slo
|c SNK
|e AACR2
|
| 041 |
1 |
|
|a slo
|h eng
|
| 044 |
|
|
|a xo
|c SK
|
| 072 |
|
7 |
|a 821-93
|x Literatúra pre deti a mládež (beletria)
|2 konspekt
|
| 080 |
|
|
|a 22(087.5)
|2 1981
|
| 080 |
|
|
|a 27-236.5
|2 2011
|
| 080 |
|
|
|a (0:82-32)
|2 2011
|
| 080 |
|
|
|a 82-93-053.4/.5
|2 2011
|
| 100 |
1 |
|
|a Degering, Etta B.
|4 aut
|9 43376
|
| 240 |
1 |
0 |
|a My Bible friends
|l Slovensky
|
| 245 |
1 |
0 |
|a Verní priatelia
|b príbehy pre deti
|n 4
|c [autor Etta B. Degering ; ilustrácie William Dolwick, Robert L. Berran, Fred Collins ; z anglického originálu My Bible friends preložil Tomasz Trancygier]
|
| 260 |
|
|
|a Martin
|b Advent Orion
|c 1996
|
| 300 |
|
|
|a 103 nečíslovaných strán
|b farebné ilustrácie
|c 25 cm
|
| 500 |
|
|
|a Názov z obálky
|
| 650 |
0 |
7 |
|a biblické príbehy
|2 SNKPH
|9 1916
|
| 655 |
|
7 |
|a príbehy
|2 SNKPH
|9 70507
|
| 655 |
|
7 |
|a literatúra pre deti
|2 SNKPH
|9 87135
|
| 700 |
1 |
|
|a Dolwick, William
|4 ill
|9 43425
|
| 700 |
1 |
|
|a Berran, Robert L.
|4 ill
|9 42865
|
| 700 |
1 |
|
|a Collins, Fred
|4 ill
|9 43202
|
| 700 |
1 |
|
|a Trancygier, Tomasz,
|d 1947-
|4 trl
|9 229691
|
| 740 |
0 |
2 |
|a Maličký Mojžiš
|
| 740 |
0 |
2 |
|a Malý pomocník Samuel
|
| 740 |
0 |
2 |
|a Daniel a jeho priatelia
|
| 740 |
0 |
2 |
|a Daniel medzi levmi
|
| 919 |
|
|
|a 80-88719-45-3
|
| 954 |
|
|
|a beletria cudzojazyčná (svetová)
|2 lita
|
| 958 |
|
|
|a TL
|
| 958 |
|
|
|a UP
|
| 958 |
|
|
|a LX
|
| 958 |
|
|
|a DB
|
| 958 |
|
|
|a NT
|
| 968 |
|
|
|b ENG
|
| 999 |
|
|
|c 1110098
|d 1112028
|
| 952 |
|
|
|t P60, <09>, [BOOK], {629}
|a SNK
|b SNK
|y NEVYP
|7 0
|o snkC 743
|i snk1413/960418
|0 0
|1 0
|4 0
|d 1996-04-16
|l 0
|r 2005-01-01 00:00:00
|w 2026-02-24
|
| 952 |
|
|
|a SNK
|b SNK
|y PREZ
|7 0
|p 17A0002456
|o snkSC 88006/4
|i snkKSP 3549/96
|0 0
|1 0
|4 0
|d 1996-04-16
|f 1
|l 0
|r 2005-01-01 00:00:00
|w 2026-02-24
|
| 952 |
|
|
|a SNK
|b SNK
|y VYP
|7 0
|p 17A0002457
|o snkSC 88006/4 D1
|i snkKSP 3550/96
|0 0
|1 0
|4 0
|d 1996-04-16
|l 0
|r 2005-01-01 00:00:00
|w 2026-02-24
|